Song of achilles (Record no. 240631)
[ view plain ]
| 000 -LEADER | |
|---|---|
| fixed length control field | 00646nam a22002297a 4500 |
| 005 - DATE AND TIME OF LATEST TRANSACTION | |
| control field | 20251103143149.0 |
| 008 - FIXED-LENGTH DATA ELEMENTS--GENERAL INFORMATION | |
| fixed length control field | 251031b |||||||| |||| 00| 0 eng d |
| 020 ## - INTERNATIONAL STANDARD BOOK NUMBER | |
| International Standard Book Number | 9789389000221 |
| 040 ## - CATALOGING SOURCE | |
| Transcribing agency | AL |
| 041 ## - LANGUAGE CODE | |
| Language code of text/sound track or separate title | English |
| 082 ## - DEWEY DECIMAL CLASSIFICATION NUMBER | |
| Classification number | 813.6 |
| Item number | MILS |
| 100 ## - MAIN ENTRY--PERSONAL NAME | |
| Personal name | Madline Miller |
| 100 ## - MAIN ENTRY--PERSONAL NAME | |
| 9 (RLIN) | 243527 |
| 245 ## - TITLE STATEMENT | |
| Title | Song of achilles |
| 260 ## - PUBLICATION, DISTRIBUTION, ETC. | |
| Place of publication, distribution, etc. | New York |
| Name of publisher, distributor, etc. | Bloomsbury |
| Date of publication, distribution, etc. | 2019 |
| 300 ## - PHYSICAL DESCRIPTION | |
| Extent | 352p. |
| Other physical details | PB |
| Dimensions | 20x13cm. |
| 365 ## - TRADE PRICE | |
| Price type code | 4241 |
| Price amount | ₹479.20 |
| Currency code | ₹ |
| Unit of pricing | ₹599.00 |
| Price note | 20% |
| Price effective from | 25-10-2025 |
| 650 ## - SUBJECT ADDED ENTRY--TOPICAL TERM | |
| Topical term or geographic name entry element | English Fiction |
| 9 (RLIN) | 243420 |
| 650 ## - SUBJECT ADDED ENTRY--TOPICAL TERM | |
| Topical term or geographic name entry element | Greeks Turkey Fiction |
| 9 (RLIN) | 243528 |
| 650 ## - SUBJECT ADDED ENTRY--TOPICAL TERM | |
| Topical term or geographic name entry element | War stories |
| 9 (RLIN) | 243529 |
| 650 ## - SUBJECT ADDED ENTRY--TOPICAL TERM | |
| Topical term or geographic name entry element | Historical fiction |
| 9 (RLIN) | 243530 |
| 942 ## - ADDED ENTRY ELEMENTS (KOHA) | |
| Source of classification or shelving scheme | Dewey Decimal Classification |
| Koha item type | Book |
| Withdrawn status | Lost status | Source of classification or shelving scheme | Damaged status | Not for loan | Collection code | Home library | Current library | Shelving location | Date acquired | Source of acquisition | Cost, normal purchase price | Total Checkouts | Full call number | Barcode | Date last seen | Date last checked out | Cost, replacement price | Price effective from | Koha item type |
|---|---|---|---|---|---|---|---|---|---|---|---|---|---|---|---|---|---|---|---|
| Dewey Decimal Classification | English | St Aloysius Library | St Aloysius Library | Stack Section | 10/30/2025 | Biblios Book Point, Surathkal-575014 | 479.20 | 3 | 813.6 MILS | 077962 | 06/29/2026 | 06/18/2026 | 599.00 | 10/25/2025 | Book |